Rebooting AI : (Record no. 131001)
[ view plain ]
| 000 -LEADER | |
|---|---|
| fixed length control field | 01351cam a2200313 i 4500 |
| 001 - CONTROL NUMBER | |
| control field | 20843401 |
| 003 - CONTROL NUMBER IDENTIFIER | |
| control field | ARRUPE |
| 005 - DATE AND TIME OF LATEST TRANSACTION | |
| control field | 20211027112206.0 |
| 008 - FIXED-LENGTH DATA ELEMENTS--GENERAL INFORMATION | |
| fixed length control field | 190207s2019 nyu b 001 0 eng |
| 010 ## - LIBRARY OF CONGRESS CONTROL NUMBER | |
| LC control number | 2019005842 |
| 020 ## - INTERNATIONAL STANDARD BOOK NUMBER | |
| International Standard Book Number | 9781524748258 |
| Qualifying information | (hard cover : |
| -- | alk. paper) |
| 020 ## - INTERNATIONAL STANDARD BOOK NUMBER | |
| International Standard Book Number | 9780525566045 |
| Qualifying information | (paperback) |
| 020 ## - INTERNATIONAL STANDARD BOOK NUMBER | |
| Cancelled/invalid ISBN | 9781524748265 |
| Qualifying information | (e-book) |
| 040 ## - CATALOGING SOURCE | |
| Original cataloging agency | DLC |
| Language of cataloging | eng |
| Transcribing agency | DLC |
| Description conventions | rda |
| Modifying agency | DLC |
| 042 ## - AUTHENTICATION CODE | |
| Authentication code | pcc |
| 050 00 - LIBRARY OF CONGRESS CALL NUMBER | |
| Classification number | Q335 |
| Item number | .M368 2019 |
| 082 00 - DEWEY DECIMAL CLASSIFICATION NUMBER | |
| Classification number | 006.3 |
| Edition number | 23 |
| 300 ## - PHYSICAL DESCRIPTION | |
| Dimensions | 25 cm |
| 100 1# - MAIN ENTRY--PERSONAL NAME | |
| Personal name | Marcus, Gary, |
| Relator term | author. |
| 9 (RLIN) | 50726 |
| 245 10 - TITLE STATEMENT | |
| Title | Rebooting AI : |
| Remainder of title | building artificial intelligence we can trust / |
| Statement of responsibility, etc | Gary Marcus and Ernest Davis. |
| 250 ## - EDITION STATEMENT | |
| Edition statement | First edition. |
| 300 ## - PHYSICAL DESCRIPTION | |
| Extent | 273 pages ; |
| 504 ## - BIBLIOGRAPHY, ETC. NOTE | |
| Bibliography, etc | Includes bibliographical references and index. |
| 505 0# - FORMATTED CONTENTS NOTE | |
| Formatted contents note | Mind the gap -- What's at stake -- Deep learning, and beyond -- If computers are so smart, how come they can't read? -- Where's Rosie? -- Insights from the human mind -- Common sense, and the path to deep understanding -- Trust. |
| 650 #0 - SUBJECT ADDED ENTRY--TOPICAL TERM | |
| Topical term or geographic name as entry element | Artificial intelligence. |
| 700 1# - ADDED ENTRY--PERSONAL NAME | |
| Personal name | Davis, Ernest, |
| Relator term | author. |
| 9 (RLIN) | 50727 |
| 906 ## - LOCAL DATA ELEMENT F, LDF (RLIN) | |
| a | 7 |
| b | cbc |
| c | orignew |
| d | 1 |
| e | ecip |
| f | 20 |
| g | y-gencatlg |
| 942 ## - ADDED ENTRY ELEMENTS (KOHA) | |
| Source of classification or shelving scheme | Library of Congress Classification |
| Koha item type | Monograph ( Printed materials) |
| Withdrawn status | Lost status | Source of classification or shelving scheme | Damaged status | Not for loan | Collection code | Home library | Current library | Shelving location | Date acquired | Total Checkouts | Full call number | Barcode | Date last seen | Price effective from | Koha item type |
|---|---|---|---|---|---|---|---|---|---|---|---|---|---|---|---|
| Library of Congress Classification | Main Collection | ARRUPE LIBRARY | ARRUPE LIBRARY | Main Collection | 27/10/2021 | Q335 .M368 2019 | 46600006975 | 27/10/2021 | 27/10/2021 | Monograph ( Printed materials) |